000 00498nam a2200205 4500
003 LK-CoMWRAF
005 20230826182552.0
008 230826b1999 |||||||| |||| 00| 0 eng d
020 _a9781407052595
040 _aLK-CoMWRAF
_dLK-CoMWRAF
_eLK-CoMWRAF
041 _aeng
082 _a823
_bFAU
100 _aFaulks, Sebastian
245 _aCharlotte Gray
260 _aLondon :
_bVintage,
_c1999
300 _a497p
650 _aEnglish Fiction
650 _aLove stories
942 _n0
_cBK
999 _c3276
_d3276